| 000 | 00652nam a22002057a 4500 | ||
|---|---|---|---|
| 999 |
_c3914 _d3914 |
||
| 003 | OSt | ||
| 005 | 20241119152303.0 | ||
| 008 | 241119b ||||| |||| 00| 0 eng d | ||
| 020 | _a9781908357427 | ||
| 040 | _cKH8 | ||
| 082 | _a495.132 SHA | ||
| 130 | _aEnglish - Korean, Korean - English Dictionary | ||
| 245 |
_aEnglish - Korean, Korean - English Dictionary / _ccompiled by Mihee Song. |
||
| 260 |
_aWembley ; _bSTAR Foreign Language BOOKS, _c2013. |
||
| 300 |
_a433 pages : _c21 cm. |
||
| 650 |
_aEnglish language _vDictionaries _xKorean |
||
| 650 |
_aKorean language _vDictionaries _xEnglish |
||
| 700 |
_aSong, Mihee, _eeditor. |
||
| 942 |
_2ddc _cREF |
||